[Event "DSOL 06 Liga Gr-C 1st"]
[Site "Playchess.com INT"]
[Date "2020.07.30"]
[Round "6.4"]
[White "Kuschel, Heidi"]
[Black "Herbst, Bernhard"]
[Result "0-1"]
[WhiteElo "1657"]
[BlackElo "1805"]
[PlyCount "44"]
[EventDate "2020.06.22"]
[EventType "team-tourn (rapid)"]
[EventCountry "GER"]
[SourceTitle "EXT 2021"]
[Source "ChessBase"]
[SourceDate "2020.10.23"]
[SourceVersion "1"]
[SourceVersionDate "2020.10.23"]
[SourceQuality "1"]
[WhiteTeam "Wehlheiden"]
[BlackTeam "Vohwinkel"]
[WhiteTeamCountry "GER"]
[BlackTeamCountry "GER"]

1. Nf3 d5 2. g3 Nf6 3. Bg2 c6 4. d3 e6 5. Nbd2 Bd6 6. 0-0 0-0 7. b3 e5 8. e3 a5 9. c4 h6 10. Ne1 Bg4 11. f3 Bh5 12. g4 Bg6 13. h4 Bc5 14. Qe2 Re8 15. h5 Bh7 16. Rf2 Na6 17. a3 Qb6 18. Nc2 Be7 19. Kh1 Nc5 20. Ne1 Ne6 21. Bb2 Bc5 22. Nc2 Nf4 0-1

[Event "Vellmar op 11th"]
[Site "Vellmar"]
[Date "2019.07.06"]
[Round "4"]
[White "Kuschel, Heidi"]
[Black "Poschadel, Andreas Gregor"]
[Result "0-1"]
[WhiteElo "1736"]
[BlackElo "1809"]
[PlyCount "150"]
[EventDate "2019.07.04"]
[EventType "swiss"]
[EventRounds "7"]
[EventCountry "GER"]
[SourceTitle "CBM 191 Extra"]
[Source "ChessBase"]
[SourceDate "2019.09.30"]
[SourceVersion "1"]
[SourceVersionDate "2019.09.30"]
[SourceQuality "1"]

1. Nf3 d5 2. g3 Bg4 3. Bg2 c6 4. 0-0 Nd7 5. b3 e5 6. d3 Bd6 7. Bb2 Ngf6 8. Nbd2 0-0 9. e4 Re8 10. Re1 Qc7 11. Qc1 Rad8 12. a3 a5 13. Nf1 Nf8 14. Ne3 Bc8 15. Nd2 Be6 16. c4 d4 17. Nd1 N6d7 18. Qc2 f6 19. f3 Ng6 20. Nf2 b6 21. Rf1 Bf7 22. Nh3 Ndf8 23. Rf2 Be6 24. Raf1 Qd7 25. g4 h5 26. Kh1 hxg4 27. fxg4 Bxg4 28. Ng1 Qe7 29. a4 Ne6 30. Bf3 Bxf3+ 31. Rxf3 Bb4 32. Rg3 Ngf4 33. Ndf3 Kf7 34. Bc1 Bd6 35. Nh4 Rg8 36. Nf5 Qd7 37. Nf3 Bf8 38. Rfg1 g6 39. Bxf4 Nxf4 40. N5h4 Bh6 41. Qd1 Qd6 42. Qf1 Rde8 43. Ng2 Nh5 44. Rh3 Rh8 45. Ngh4 Nf4 46. Rhg3 g5 47. Nf5 Qb4 48. Qd1 Ke6 49. Ne1 Kd7 50. Ng2 Ne6 51. Rf1 Bf8 52. Rgf3 Nc5 53. R1f2 Qa3 54. Qb1 Qxb3 55. Rb2 Qc3 56. Rxb6 Nxe4 57. Rb7+ Ke6 58. Qe1 Qxe1+ 59. Nxe1 Nc5 60. Rc7 Nd7 61. Rxc6+ Kf7 62. Nd6+ Bxd6 63. Rxd6 Ke7 64. Rc6 Ra8 65. Nc2 Rhc8 66. Rxc8 Rxc8 67. Na3 Nc5 68. Nb5 Nxa4 69. Rf2 Nc5 70. Rd2 Rb8 71. Kg2 a4 72. Kf3 a3 73. Ke2 Nb3 74. Nxa3 Nxd2 75. Kxd2 Rh8 0-1

[Event "Vellmar op 10th"]
[Site "Vellmar"]
[Date "2018.07.14"]
[Round "5"]
[White "Pabst, Olaf"]
[Black "Kuschel, Heidi"]
[Result "0-1"]
[WhiteElo "1593"]
[BlackElo "1734"]
[PlyCount "100"]
[EventDate "2018.07.12"]
[EventType "swiss"]
[EventRounds "7"]
[EventCountry "GER"]
[SourceTitle "CBM 185 Extra"]
[Source "ChessBase"]
[SourceDate "2018.07.29"]
[SourceVersion "1"]
[SourceVersionDate "2018.07.29"]
[SourceQuality "1"]

1. Nc3 e5 2. e4 Nc6 3. f4 d6 4. Nf3 Bg4 5. Bb5 Nge7 6. Nd5 a6 7. Nxe7 axb5 8. Nxc6 bxc6 9. d3 exf4 10. Bxf4 Be7 11. 0-0 0-0 12. c3 c5 13. Qd2 Qd7 14. e5 Be6 15. a3 Ra6 16. Qe3 Rfa8 17. Bg5 b4 18. Bxe7 Qxe7 19. cxb4 cxb4 20. d4 d5 21. Rfe1 bxa3 22. Rxa3 Rxa3 23. bxa3 Rxa3 24. Qd2 h6 25. Qb2 Ra8 26. Rc1 Qd7 27. Kf2 Rc8 28. Rc5 c6 29. Qb6 Bg4 30. Qb3 Qa7 31. Kg3 Bd7 32. Qc3 Ra8 33. h3 Qa3 34. Qxa3 Rxa3 35. Rc2 Kf8 36. h4 Ke7 37. Kh2 Rd3 38. Rd2 Rxd2 39. Nxd2 Ke6 40. Kg3 Kf5 41. Nf3 Ke4 42. h5 Be6 43. Kh4 Ke3 44. Kg3 Bf5 45. Nh4 Be4 46. Nf3 Bxf3 47. gxf3 Kxd4 48. f4 c5 49. Kg4 c4 50. Kf5 c3 0-1

[Event "Vellmar op 8th"]
[Site "Vellmar"]
[Date "2016.07.30"]
[Round "4"]
[White "Freier, Werner"]
[Black "Kuschel, Heidi"]
[Result "1-0"]
[WhiteElo "1886"]
[BlackElo "1730"]
[PlyCount "111"]
[EventDate "2016.07.28"]
[EventType "swiss"]
[EventRounds "7"]
[EventCountry "GER"]
[SourceTitle "CBM 173 Extra"]
[Source "ChessBase"]
[SourceDate "2016.08.29"]
[SourceVersion "1"]
[SourceVersionDate "2016.08.29"]
[SourceQuality "1"]

1. e4 e5 2. Nf3 Nc6 3. Bb5 a6 4. Ba4 Nf6 5. 0-0 b5 6. Bb3 Be7 7. d3 0-0 8. a4 Bb7 9. c3 d6 10. Na3 Na7 11. Bg5 c5 12. axb5 axb5 13. c4 b4 14. Nc2 Nc6 15. Ba4 Nd4 16. Ncxd4 exd4 17. Bd2 Qb6 18. Qb3 Rfb8 19. Ra2 Ng4 20. Rfa1 Bf6 21. Bb5 Be5 22. h3 Nf6 23. Nxe5 dxe5 24. f4 Qd6 25. Rxa8 Bxa8 26. f5 h6 27. Ra6 Qc7 28. Qd1 Qe7 29. Qa1 Bb7 30. Ra7 Qc7 31. Ba6 Qb6 32. Bxb7 Rxb7 33. Ra6 Qd8 34. Qa4 Kh7 35. Qc6 Rc7 36. Qb6 Qe7 37. Ra8 Rb7 38. Qc6 Qc7 39. Qa4 Nd7 40. Ra5 Nb6 41. Qa1 Nd7 42. b3 Rb6 43. g4 g5 44. fxg6+ fxg6 45. Be1 g5 46. Bg3 Kg6 47. Ra7 Qd6 48. Qf1 Qf6 49. Qf5+ Qxf5 50. exf5+ Kf6 51. Rxd7 Ra6 52. Rd5 Ra3 53. Bxe5+ Kf7 54. Rxc5 Rxb3 55. Rc7+ Kg8 56. f6 1-0

[Event "Hessen-ch op-B"]
[Site "Floersheim"]
[Date "2016.05.06"]
[Round "4"]
[White "Kuschel, Heidi"]
[Black "Gutacker, Stephan"]
[Result "0-1"]
[WhiteElo "1745"]
[BlackElo "1868"]
[PlyCount "60"]
[EventDate "2016.05.05"]
[EventType "swiss"]
[EventRounds "7"]
[EventCountry "GER"]
[SourceTitle "EXT 2022"]
[Source "ChessBase"]
[SourceDate "2021.10.06"]
[SourceVersion "1"]
[SourceVersionDate "2021.10.06"]
[SourceQuality "1"]

1. Nf3 Nf6 2. g3 c5 3. Bg2 Nc6 4. 0-0 g6 5. d4 cxd4 6. Nxd4 Nxd4 7. Qxd4 Bg7 8. Qb4 0-0 9. Bf4 d6 10. Rd1 a5 11. Qa3 Qc7 12. Nc3 Bd7 13. Rac1 Bc6 14. e4 b5 15. Nd5 Qb7 16. Nxe7+ Qxe7 17. Bxd6 Qb7 18. Bxf8 Bxf8 19. Qd3 Nxe4 20. Bxe4 Bxe4 21. Qe3 Bh1 22. Kf1 Bg2+ 23. Kg1 Bh3 24. f3 Qc6 25. c3 Bc5 26. Rd4 Re8 27. Qf4 Bxd4+ 28. cxd4 Qe6 29. Qd2 Qe2 30. Rc2 Qf1# 0-1

[Event "Wiesbaden op 27th"]
[Site "Wiesbaden"]
[Date "2015.08.30"]
[Round "6"]
[White "Boerkey, Joel"]
[Black "Kuschel, Heidi"]
[Result "0-1"]
[WhiteElo "1482"]
[BlackElo "1713"]
[PlyCount "108"]
[EventDate "2015.08.27"]
[EventType "swiss"]
[EventRounds "7"]
[EventCountry "GER"]
[SourceTitle "EXT 2016"]
[Source "ChessBase"]
[SourceDate "2015.10.08"]
[SourceVersion "1"]
[SourceVersionDate "2015.10.08"]
[SourceQuality "1"]

1. d4 Nf6 2. c4 g6 3. Nc3 d5 4. cxd5 Nxd5 5. e4 Nb6 6. Nf3 Bg7 7. Be3 Bg4 8. d5 0-0 9. Rc1 c6 10. dxc6 Qxd1+ 11. Nxd1 Nxc6 12. Bb5 Rfc8 13. Bxc6 Rxc6 14. Rxc6 bxc6 15. Ke2 Nc4 16. b3 Ne5 17. h3 Bxf3+ 18. gxf3 Nd7 19. Bf4 Bd4 20. Ne3 e5 21. Bg3 g5 22. Rd1 c5 23. Nf5 f6 24. b4 Rb8 25. bxc5 Rb2+ 26. Kf1 Nxc5 27. Nxd4 exd4 28. Rxd4 Rxa2 29. Rd8+ Kg7 30. Bd6 Ne6 31. Re8 Nd4 32. Re7+ Kg6 33. Bc5 Nxf3 34. Bxa7 Nd2+ 35. Kg2 Nxe4 36. Rxe4 Rxa7 37. h4 h6 38. hxg5 hxg5 39. Re3 f5 40. Rc3 Ra4 41. Rb3 Rg4+ 42. Rg3 Kh5 43. Kh3 Rxg3+ 44. Kxg3 f4+ 45. Kf3 Kh4 46. Kg2 g4 47. Kh2 f3 48. Kg1 g3 49. Kf1 g2+ 50. Kg1 Kg4 51. Kh2 Kf4 52. Kg1 Ke4 53. Kh2 Kd3 54. Kg1 Ke2 0-1

[Event "Vellmar op 7th"]
[Site "Vellmar"]
[Date "2015.08.08"]
[Round "5"]
[White "Kuschel, Heidi"]
[Black "Schnegelsberg, Karl Heinz"]
[Result "1/2-1/2"]
[WhiteElo "1713"]
[BlackElo "2006"]
[PlyCount "89"]
[EventDate "2015.08.06"]
[EventType "swiss"]
[EventRounds "7"]
[EventCountry "GER"]
[SourceTitle "CBM 167 Extra"]
[Source "ChessBase"]
[SourceDate "2015.09.14"]
[SourceVersion "1"]
[SourceVersionDate "2015.09.14"]
[SourceQuality "1"]

1. Nf3 d5 2. g3 Nf6 3. Bg2 g6 4. 0-0 Bg7 5. d4 0-0 6. Nc3 c6 7. Ne5 Nbd7 8. f4 e6 9. e4 dxe4 10. Nxe4 Qb6 11. Kh1 Nxe4 12. Bxe4 Nf6 13. Bg2 Rd8 14. c3 a5 15. Qb3 Qc7 16. a4 Nd5 17. Re1 Rb8 18. Bd2 b6 19. Nxc6 Qxc6 20. c4 Bb7 21. cxd5 Qxd5 22. Bxd5 Bxd5+ 23. Qxd5 Rxd5 24. Bc3 Rc8 25. Red1 Rc4 26. Kg1 b5 27. axb5 Rxb5 28. Rxa5 Rxa5 29. Bxa5 Bxd4+ 30. Kg2 Bxb2 31. Kf3 h5 32. h3 e5 33. fxe5 Bxe5 34. Rd3 Kg7 35. Bd2 f6 36. Rd7+ Kf8 37. g4 Ke8 38. Rg7 Rc2 39. Be1 Rh2 40. Rxg6 Rxh3+ 41. Ke4 Rh1 42. Bf2 Rh2 43. Kf3 h4 44. Rh6 Bg3 45. Bxg3 1/2-1/2